000
00273nam a2200109Ia 4500
008
220204s9999 xx 000 0 und d
082
_a
657
_b
BAI
100
_a
Baig, Nafees
245
0
_a
Problems on managerial accounting
260
_a
New Delhi
_b
Sterling
_c
1974
942
_c
BK
999
_c
32502
_d
32502